Poetry in a time of terror: (Record no. 37267)

MARC details
000 -LEADER
fixed length control field 00789nam a22002057a 4500
010 ## - LCCN (DPL NO)
LC control number ENG-96769
020 ## - INTERNATIONAL STANDARD BOOK NUMBER
International Standard Book Number 9780198060765
Terms of availability 595.00
020 ## - INTERNATIONAL STANDARD BOOK NUMBER
International Standard Book Number 0198060769
035 ## - SYSTEM CONTROL NUMBER
System control number EN-80302
037 ## - SOURCE OF ACQUISITION
Source of stock number/acquisition DBAD/PUB
082 ## - DEWEY DECIMAL CLASSIFICATION NUMBER
Classification number 809.19358
100 ## - MAIN ENTRY--PERSONAL NAME
Personal name Nair, Rukmini Bhaya
245 ## - TITLE STATEMENT
Title Poetry in a time of terror:
Remainder of title essays in the postcolonial preternatural /
Statement of responsibility, etc by Rukmini Bhaya Nair
260 ## - PUBLICATION, DISTRIBUTION, ETC. (IMPRINT)
Place of publication, distribution, etc New Delhi
Name of publisher, distributor, etc Oxford university press
Date of publication, distribution, etc 2009
270 ## - ADDRESS
Address YMCA library building , jai singh road,
Postal code 110001
300 ## - PHYSICAL DESCRIPTION
Extent xxviii,231p
Dimensions 18cm (Hb)
500 ## - GENERAL NOTE
General note includes index
942 ## - ADDED ENTRY ELEMENTS (KOHA)
Source of classification or shelving scheme Dewey Decimal Classification
Item type English Books
Classification part 809.19358
Call number suffix NAR
Holdings
Withdrawn status Lost status Not for loan Collection code Home library Current library Date acquired Source of acquisition Cost, normal purchase price Full call number Barcode Copy number Cost, replacement price Koha item type
    Not For Loan Non-fiction D.B.Act.Division D.B.Act.Division 22/07/2010 DBAD/PUB 595.00 809.19358 NAR EN-80302 1 595.00 English Books

© Delhi Public Library
Hit Counter
free hit counter